• 首页
  • 本馆介绍
  • 公告通知
  • 最新文献
  • 馆藏检索
  • 电子资源
  • 读者导购
  • 参考咨询
  • 我的图书馆
  • 登录
  • 详细信息显示
  • 放入我的书架
  • 预约/预借图书
  • 作者相关作品
  • 分类相关作品
  • 丛书相关作品
  • 出版社相关作品

书目信息

  • 表格格式
  • 工作单格式
  • 卡片格式
题名:
二十史朔闰表
    
 
作者: 陈垣 著
分册:  
出版信息: 北京   中华书局  1962
页数: 242页
开本: 26cm
丛书名:
单 册:
中图分类: K208
科图分类:
主题词: 中国--通史--历史年表
电子资源:
ISBN:
000 00594nam0 2200229 45
001 0178002194
005 20060602085138.92
010    @dCNY3.00
091    @a11018.363
100    @a19950724e19781962em y0chiy0121 ea
101 0  @achi
102    @aCN@b110000
105    @ay z 000yy
200 10 @a二十史朔闰表@Aer shi shi shuo run biao@f陈垣著@Fchen yuan zhu
210    @a北京@c中华书局@d1962@h1978重印
215    @a242页@d26cm
300    @a附西历回历
606    @a中国@x通史@x历史年表
690    @aK208@v4
701  0 @a陈垣@Achen yuan@4著
801  0 @aCN@bNLC@c20060602
905    @dK208@e1
    
    二十史朔闰表/陈垣著.-北京:中华书局,1962(1978重印)
    242页;26cm
    附西历回历
    
    ISBN :CNY3.00
    
●
相关链接 在E读中查询图书 在五车中查询图书 在当当中查询图书 在豆瓣中查询图书


正题名:二十史朔闰表     索取号:K208/1         预约/预借

序号 登录号 条形码 馆藏地/架位号 状态 备注
1 0001164   000815700   密集书库/ [索取号:K208/1] 在馆    
2 0014891   202113337   第二样本阅览室/ [索取号:K208/1] 在馆    
3 0061221   001278664   密集书库/ [索取号:K208/1] 在馆    
4 0061222   002033944   第二借阅区/ [索取号:K208/1] 在馆    
5 0061223   000815764   密集书库/ [索取号:K208/1] 在馆    
6 0218155   001278646   密集书库/ [索取号:K208/1] 在馆    
7 0218156   202232690   密集书库/ [索取号:K208/1] 在馆    
8 0421955   204219559   密集书库/ [索取号:K208/1] 在馆    
唐山师范学院图书馆 欢迎您!
大连网信软件有限公司© 版权所有